Province attraversate dal fiume Po - Statistics

Statistiche generali
  • Questo quiz è stato fatto 47 volte
  • Il punteggio medio è 11 su 13
Statistiche sulle risposte
Province % Corretto
Torino
98%
Pavia
93%
Cremona
90%
Cuneo
88%
Ferrara
88%
Parma
88%
Piacenza
88%
Alessandria
86%
Mantova
86%
Reggio Emilia
86%
Lodi
83%
Vercelli
79%
Rovigo
76%
Nessun quiz corrispondente trovato
Distribuzione punteggi
Percentuale di utenti per punteggio
Percentile per numero di risposta
I tuoi punteggi nel tempo
Non hai fatto questo quiz